Spanish 'false friends' in English - Statistics

General Stats
  • This quiz has been taken 496 times
  • The average score is 8 of 15
Answer Stats
Hint Answer % Correct
pan bread
90%
ropa clothes
73%
pie foot
69%
embarazada pregnant
61%
recordar to remember
61%
conductor driver
57%
vaso glass
56%
largo long
55%
arena sand
51%
sano healthy
46%
éxito success
43%
sensible sensitive
40%
actualmente currently
39%
espada sword
39%
carpeta folder
28%
No matching quizzes found
Score Distribution
Percent of People with Each Score
Percentile by Number Answered
Your Score History
You have not taken this quiz